000 01097nam a2200289 i 4500
001 bg
003 KOSZ 005
005 20211014124804.0
008 080831s1956 pl a f 001 0 pol
015 _aPB 1956/7162
040 _aWA N
_cKOSZ 005/RW
_dKOSZ 005/RW
041 1 _apol
_heng
080 _a543:621.3
100 1 _aLangford, Kenneth Ernest
_eAutor
245 1 0 _aAnaliza kąpieli galwanicznych /
_cK. E. Langford ; tł. Tadeusz Biestek.
246 1 _iTyt. oryg.:
_aAnalysis of electroplating and related solutions.
260 _aWarszawa :
_bPaństwowe Wydawnictwa Techniczne,
_c1956.
300 _a392, [4] s. :
_bil., err. ;
_c21 cm.
380 _aKsiążki.
504 _aIndeks.
521 8 _aDla magistrów, inżynierów i techników pracujących w zakładach galwanicznych.
650 4 _aGalwanotechnika
700 1 _aBiestek, Tadeusz
_d(1926-2011).
_eTł.
710 2 _aPaństwowe Wydawnictwa Techniczne
_4pbl.
856 _uhttp://koha.tu.koszalin.pl/cgi-bin/koha/opac-detail.pl?biblionumber=11270
_yKatalog online BPK
942 _2UKD
_cKS
999 _c11270
_d11270